[Event "Merida World Heritage op 2nd"]
[Site "Merida"]
[Date "2022.08.06"]
[Round "8"]
[White "Espino Gomez, Tomas"]
[Black "Pantiga Aguilar, Alejandro"]
[Result "1-0"]
[WhiteElo "1320"]
[BlackElo "1082"]
[PlyCount "105"]
[EventDate "2022.08.02"]
[EventType "swiss"]
[EventRounds "9"]
[EventCountry "ESP"]
[SourceTitle "EXT 2023"]
[Source "ChessBase"]
[SourceDate "2022.10.05"]
[SourceVersion "1"]
[SourceVersionDate "2022.10.05"]
[SourceQuality "1"]

1. d4 d5 2. c4 c6 3. Nf3 Nf6 4. Bg5 Bf5 5. Bxf6 exf6 6. e3 Bb4+ 7. Nc3 0-0 8. a3 Bd6 9. cxd5 cxd5 10. Nxd5 Qa5+ 11. Nc3 Re8 12. Be2 Nc6 13. 0-0 Bg4 14. h3 Bh5 15. Re1 Rac8 16. Qb3 Rb8 17. Qd5 Qxd5 18. Nxd5 Ne7 19. Nxe7+ Rxe7 20. Rac1 g5 21. Rc3 Rc7 22. Rec1 Rbc8 23. Rxc7 Rxc7 24. Rxc7 Bxc7 25. Kf1 Kf8 26. Nd2 Bxe2+ 27. Kxe2 Ke7 28. Kd3 Ke6 29. Ne4 b6 30. Nc3 a6 31. Kc4 f5 32. a4 Bd6 33. b4 Kd7 34. b5 axb5+ 35. Kxb5 Kc7 36. Nd5+ Kb7 37. Nxb6 Be7 38. a5 Kb8 39. Kc6 Bd8 40. d5 h5 41. d6 g4 42. hxg4 fxg4 43. Kd7 h4 44. Kxd8 h3 45. gxh3 gxh3 46. Ke8 h2 47. d7 h1Q 48. d8Q+ Ka7 49. Qa8+ Qxa8+ 50. Nxa8 Kxa8 51. Kxf7 Ka7 52. e4 Ka6 53. e5 1-0

[Event "Merida World Heritage op 2nd"]
[Site "Merida"]
[Date "2022.08.06"]
[Round "7"]
[White "Knafo, Michael"]
[Black "Espino Gomez, Tomas"]
[Result "1/2-1/2"]
[WhiteElo "1631"]
[BlackElo "1320"]
[PlyCount "31"]
[EventDate "2022.08.02"]
[EventType "swiss"]
[EventRounds "9"]
[EventCountry "ESP"]
[SourceTitle "EXT 2023"]
[Source "ChessBase"]
[SourceDate "2022.10.05"]
[SourceVersion "1"]
[SourceVersionDate "2022.10.05"]
[SourceQuality "1"]

1. e4 d5 2. exd5 Qxd5 3. Nc3 Qa5 4. d4 Nf6 5. Bd2 c6 6. Ne4 Qf5 7. Nxf6+ Qxf6 8. c3 Bf5 9. Nf3 e6 10. Be2 Bd6 11. Be3 Nd7 12. Qd2 h6 13. Bf4 e5 14. dxe5 Nxe5 15. Nxe5 Bxe5 16. Bxe5 1/2-1/2